| 000 | 01220nam a22002657a 4500 | ||
|---|---|---|---|
| 005 | 20250904150748.0 | ||
| 008 | 240425b ||||| |||| 00| 0 eng d | ||
| 082 | _aDPer 621.317 Ie21 November 2022 v. 37 n. 11 | ||
| 100 |
_aAkbar, Fazal. _eauthor. _956667 |
||
| 245 |
_aDual-buck three-switch leg converters with reduced number of passive components / _cFazal Akbar, Usman Ali Khan, Ashraf Ali Khan, Hafiz Furqan Ahmed, Ahmad Elkhateb, Honnyong Cha, and Jung-Wook Park. |
||
| 260 |
_aNew York ; _bThe Institute of Electrical and Electronics Engineers, Inc. , _cNovember 2022. |
||
| 300 |
_aVolume 37, pages 13484-13498 : _billustration ; _c28 cm. |
||
| 500 | _aIEEE Transactions on Power Electronics, vol. 37, no. 11, pages 13484-13497, November 2022. | ||
| 650 | 0 |
_aDual buck. _967198 |
|
| 650 | 0 |
_aLegged locomotion. _965934 |
|
| 650 | 0 |
_aTopology. _965877 |
|
| 700 |
_aAkbar, Fazal. _eauthor. _956667 |
||
| 700 |
_aKhan, Usman Ali. _eauthor. _956668 |
||
| 700 |
_aKhan, Ashraf Ali. _eauthor. _956669 |
||
| 700 |
_aAhmed, Hafiz Furqan. _eauthor. _956670 |
||
| 700 |
_aElkhateb, Ahmad. _eauthor. _956671 |
||
| 700 |
_aCha, Honnyong. _eauthor. _956672 |
||
| 700 |
_aPark, Jung-Wook. _eauthor. _956673 |
||
| 942 |
_2ddc _cPER |
||
| 999 |
_c20156 _d20156 |
||